| 000 | 00642nam a22002177a 4500 | ||
|---|---|---|---|
| 005 | 20251108172908.0 | ||
| 008 | 250721s1993 xx 000 0 ara d | ||
| 082 | 1 | 4 | _aم/922.1/ذهب |
| 100 | 1 | _aالذهبي، محمد بن احمد بن عثمان | |
| 245 | 1 | 0 | _aالأعلام بوفيات الأعلام / |
| 264 | 1 |
_aبيروت : _bمؤسسه الكتب الثقافيه، _c1993. |
|
| 300 | _aج1-2 | ||
| 650 | 1 | 7 | _aالتراجم |
| 650 | 1 | 7 | _aالرجال |
| 650 | 1 | 7 | _aالوفاة |
| 650 | 1 | 7 | _aالعلماء |
| 650 | 1 | 7 | _aالحديث الشريف |
| 650 | 1 | 7 | _aالفقهاء |
| 942 |
_2ddc _cREF |
||
| 999 |
_c91160 _d91160 |
||